| 000 | 01051cam a22003257a 4500 | ||
|---|---|---|---|
| 003 | CHAP | ||
| 005 | 20220329134630.0 | ||
| 008 | 971013s1976 r 00010 d | ||
| 010 | _a23303 | ||
| 011 | _a24275 | ||
| 035 | _a28374 | ||
| 040 | _cCHAP | ||
| 082 |
_a632.954 _bC4 |
||
| 100 | 0 | 0 |
_aChavasse, C.G.R. _ecomp. _922052 |
| 245 | 1 | 4 | _aThe use of herbicides in forestry in New Zealand |
| 260 |
_a(s.l.) : _bForest Research Institute, _c1976 |
||
| 300 |
_a374 p. _b: ilus. ; gráf |
||
| 490 | 0 |
_aFRI Symposium _v; 18 |
|
| 590 |
_aBATCH-UPD _b10 _c20130110 _lUCH01 _h0044 |
||
| 590 |
_aBATCH-UPD _b10 _c20130110 _lUCH01 _h1308 |
||
| 590 |
_aBATCH-UPD _b10 _c20130410 _lUCH01 _h0823 |
||
| 590 |
_aBATCH-UPD _b10 _c20130914 _lUCH01 _h0919 |
||
| 590 |
_aCONVERSION _b10 _c20130109 _lUCH01 _h1314 |
||
| 650 | 1 | 4 |
_aMalas hierbas _xControl. _970011 |
| 650 | 1 | 4 |
_aVíveros forestales _xHerbicidas. _9120628 |
| 830 | 0 |
_aFRI Symposium _v; 18 _943272 |
|
| 901 | _aBK | ||
| 942 | _cLIBRO | ||
| 949 |
_a632.954 C4 _bBC _cLIBRO _d33724000187449 _eLIBRO _h47274 _i28374 _mD _si |
||
| 999 |
_c23303 _d23303 |
||